| 000 | 00826cam a22002774a 4500 | ||
|---|---|---|---|
| 003 | UPN | ||
| 005 | 20240803063758.0 | ||
| 008 | 090218s1994 es r 000 f spa d | ||
| 020 | _a8426128033 | ||
| 035 | _aUPN01000169554 | ||
| 040 |
_aUPN _bspa _cUPN |
||
| 049 | _aCG | ||
| 050 | 4 |
_aPQ6601 R26 _bD46 1994 |
|
| 100 | 1 |
_aAragón, Jesús de, _d1893-1973 _946467 |
|
| 245 | 1 | 0 | _aDe noche sobre la ciudad prohibida. |
| 250 | _aSegunda edición | ||
| 260 |
_aBarcelona, España : _bJuventud, _c1994. |
||
| 300 | _a341 páginas | ||
| 490 | 0 |
_aUniversal ; _v6 |
|
| 500 | _aContinuación de la novela: 40,000 Kilómetros a bordo del aeroplano "Fantasma" | ||
| 650 | 4 |
_aNovela española _910814 |
|
| 650 | 4 |
_aHistorias de aventuras _94131 |
|
| 902 | _bCarolina Alvarado/260922/M | ||
| 905 | _aLibro | ||
| 942 |
_2lcc _cLIBRO |
||
| 999 |
_c141660 _d141660 |
||